000 00595nam a2200229Ia 4500
003 OSt
005 20220928141103.0
006 a|||||r|||| 00| 0
007 ta
008 220927b |||||||| |||| 00| 0 eng d
024 _a13616
037 _cTextual
040 _aSDCL
_cSDCL
_beng
041 _2eng
_aeng
082 _aO-,6M19x, K3
100 _aRuskin John
_9499052
245 0 _aGenius of John Ruskin.
260 _c1963
700 _a Rosenberg John D Ed.
_9499053
942 _hO-,6M19x, K3
_cTEXL
_2CC
999 _c816025
_d816025